[Event "HUN-chT2 Toth 1718"]
[Site "Hungary"]
[Date "2018.03.25"]
[Round "10.4"]
[White "Banki H, Istvan"]
[Black "Vereczkei, Laszlo"]
[Result "0-1"]
[WhiteElo "2107"]
[BlackElo "2029"]
[PlyCount "32"]
[EventDate "2017.09.24"]
[EventType "team-tourn"]
[EventRounds "11"]
[EventCountry "HUN"]
[SourceTitle "EXT 2021"]
[Source "ChessBase"]
[SourceDate "2020.10.23"]
[SourceVersion "1"]
[SourceVersionDate "2020.10.23"]
[SourceQuality "1"]
[WhiteTeam "Oroshaza"]
[BlackTeam "Gyula"]
[WhiteTeamCountry "HUN"]
[BlackTeamCountry "HUN"]

1. e4 e5 2. Nf3 Nc6 3. Bc4 Nf6 4. d4 exd4 5. e5 d5 6. exf6 dxc4 7. fxg7 Bxg7 8. Bg5 Qd5 9. 0-0 Be6 10. Re1 Kd7 11. Nbd2 Rae8 12. b3 c3 13. Ne4 Kc8 14. Nf6 Bxf6 15. Bxf6 Rhg8 16. Bxd4 Nxd4 0-1

[Event "HUN-chT2 Toth 1718"]
[Site "Hungary"]
[Date "2018.02.18"]
[Round "8.4"]
[White "Banki H, Istvan"]
[Black "Puha, Peter"]
[Result "1/2-1/2"]
[WhiteElo "2107"]
[BlackElo "1956"]
[PlyCount "35"]
[EventDate "2017.09.24"]
[EventType "team-tourn"]
[EventRounds "11"]
[EventCountry "HUN"]
[SourceTitle "EXT 2021"]
[Source "ChessBase"]
[SourceDate "2020.10.23"]
[SourceVersion "1"]
[SourceVersionDate "2020.10.23"]
[SourceQuality "1"]
[WhiteTeam "Oroshaza"]
[BlackTeam "Karcag"]
[WhiteTeamCountry "HUN"]
[BlackTeamCountry "HUN"]

1. e4 e5 2. Nf3 Nc6 3. Bc4 Nf6 4. Nc3 Be7 5. 0-0 0-0 6. d4 exd4 7. Nxd4 d6 8. h3 Re8 9. Re1 h6 10. Bf4 Bf8 11. Nxc6 bxc6 12. Qf3 Be6 13. Bxe6 Rxe6 14. Re2 Nd7 15. Rd1 g5 16. Bg3 Bg7 17. Qd3 Qc8 18. f3 1/2-1/2

[Event "HUN-chT2 Toth 1718"]
[Site "Hungary"]
[Date "2017.11.26"]
[Round "4.5"]
[White "Banki H, Istvan"]
[Black "Hajdu, Istvan"]
[Result "1/2-1/2"]
[WhiteElo "2107"]
[BlackElo "1847"]
[PlyCount "24"]
[EventDate "2017.09.24"]
[EventType "team-tourn"]
[EventRounds "11"]
[EventCountry "HUN"]
[SourceTitle "EXT 2021"]
[Source "ChessBase"]
[SourceDate "2020.10.23"]
[SourceVersion "1"]
[SourceVersionDate "2020.10.23"]
[SourceQuality "1"]
[WhiteTeam "Oroshaza"]
[BlackTeam "Szentes Integral"]
[WhiteTeamCountry "HUN"]
[BlackTeamCountry "HUN"]

1. e4 Nc6 2. Nf3 e5 3. d4 exd4 4. Nxd4 Nf6 5. Nxc6 bxc6 6. e5 Qe7 7. Qe2 Nd5 8. c4 Ba6 9. Qe4 Nf6 10. Qe2 Nd5 11. Qe4 Nf6 12. Qe2 Nd5 1/2-1/2

[Event "HUN-chT2 Toth 1516"]
[Site "Hungary"]
[Date "2015.12.06"]
[Round "6.5"]
[White "Banki H, Istvan"]
[Black "Farkas, Lorinc"]
[Result "1-0"]
[WhiteElo "2122"]
[BlackElo "1837"]
[PlyCount "113"]
[EventDate "2015.09.13"]
[EventType "team-tourn"]
[EventRounds "11"]
[EventCountry "HUN"]
[SourceTitle "CBM 170 Extra"]
[Source "ChessBase"]
[SourceDate "2016.02.25"]
[SourceVersion "1"]
[SourceVersionDate "2016.02.25"]
[SourceQuality "1"]
[WhiteTeam "Oroshaza"]
[BlackTeam "Gyula"]
[WhiteTeamCountry "HUN"]
[BlackTeamCountry "HUN"]

1. e4 d6 2. d4 g6 3. Nf3 Bg7 4. Bc4 c6 5. Nc3 b5 6. Bb3 b4 7. Ne2 Nf6 8. Ng3 0-0 9. 0-0 a5 10. c3 Nbd7 11. e5 dxe5 12. dxe5 Nd5 13. c4 Nc7 14. Qe2 Ne6 15. a3 Ndc5 16. Bc2 b3 17. Be4 Qc7 18. Bd2 Bb7 19. Bc3 Nd7 20. Rfe1 Nf4 21. Qe3 Ne6 22. Rad1 Ndc5 23. Ng5 Nxg5 24. Qxc5 Ne6 25. Qe3 Bxe5 26. Bxe5 Qxe5 27. Qxb3 Qc7 28. Qe3 Rfd8 29. Ne2 Rxd1 30. Rxd1 Rd8 31. Rf1 c5 32. Bxb7 Qxb7 33. Qc3 Qc7 34. h3 Rd7 35. f4 Qd8 36. f5 Rd3 37. Qe5 Ng7 38. fxg6 hxg6 39. Qxc5 Rd1 40. Rxd1 Qxd1+ 41. Kf2 Qd8 42. b4 axb4 43. axb4 Ne6 44. Qe3 Qb8 45. b5 Qc8 46. b6 Qb7 47. Nd4 Nc5 48. Nb3 Ne4+ 49. Kg1 f5 50. Qd4 Qb8 51. c5 Qg3 52. Nd2 e5 53. Qd5+ Kh7 54. Nxe4 Qe1+ 55. Kh2 fxe4 56. Qxe5 e3 57. b7 1-0

[Event "HUN-chT2 Toth 1516"]
[Site "Hungary"]
[Date "2015.11.29"]
[Round "5.4"]
[White "Banki H, Istvan"]
[Black "Toth, Kazmer"]
[Result "1-0"]
[WhiteElo "2122"]
[BlackElo "1944"]
[PlyCount "75"]
[EventDate "2015.09.13"]
[EventType "team-tourn"]
[EventRounds "11"]
[EventCountry "HUN"]
[SourceTitle "CBM 170 Extra"]
[Source "ChessBase"]
[SourceDate "2016.02.25"]
[SourceVersion "1"]
[SourceVersionDate "2016.02.25"]
[SourceQuality "1"]
[WhiteTeam "Oroshaza"]
[BlackTeam "Felegyhaza Csongrad"]
[WhiteTeamCountry "HUN"]
[BlackTeamCountry "HUN"]

1. e4 d6 2. d4 c6 3. Nf3 Nf6 4. Nc3 g6 5. Bc4 Bg7 6. 0-0 0-0 7. Qe2 b5 8. Bb3 b4 9. Nd1 a5 10. Bc4 e6 11. Bg5 Qd7 12. e5 Nd5 13. Ne3 dxe5 14. dxe5 Qc7 15. Ng4 Ba6 16. Bxa6 Nxa6 17. Qd2 Nc5 18. Rfe1 Nd7 19. Bh6 f5 20. exf6 N7xf6 21. Nxf6+ Rxf6 22. Bxg7 Kxg7 23. Re4 Re8 24. Rae1 h6 25. Ne5 Ref8 26. Ng4 Rf4 27. g3 h5 28. gxf4 hxg4 29. Qd4+ Kh6 30. Rxe6 Nxf4 31. Rf6 c5 32. Qd6 Nh3+ 33. Kg2 Qxd6 34. Rxd6 Rxf2+ 35. Kg3 Kh5 36. Re5+ g5 37. Re3 Nf4 38. Kxf2 1-0

[Event "HUN-chT2 Toth 1415"]
[Site "Hungary"]
[Date "2015.03.22"]
[Round "10.6"]
[White "Banki H, Istvan"]
[Black "Egyed, Zsolt"]
[Result "0-1"]
[WhiteElo "2158"]
[BlackElo "2127"]
[PlyCount "56"]
[EventDate "2014.09.07"]
[EventType "team-tourn"]
[EventRounds "11"]
[EventCountry "HUN"]
[SourceTitle "EXT 2016"]
[Source "ChessBase"]
[SourceDate "2015.10.08"]
[SourceVersion "1"]
[SourceVersionDate "2015.10.08"]
[SourceQuality "1"]
[WhiteTeam "Oroshaza"]
[BlackTeam "Karcag"]
[WhiteTeamCountry "HUN"]
[BlackTeamCountry "HUN"]

1. e4 c5 2. d4 cxd4 3. c3 dxc3 4. Nxc3 Nc6 5. Nf3 a6 6. Bc4 e6 7. 0-0 b5 8. Bb3 Na5 9. Qe2 Ne7 10. Bg5 Nxb3 11. axb3 Bb7 12. Rfd1 f6 13. Bf4 Ng6 14. Bd6 Be7 15. Rd2 0-0 16. Rad1 Bc8 17. Qe3 Bxd6 18. Rxd6 Qc7 19. e5 Qa7 20. Qe2 fxe5 21. R1d2 Qb8 22. h4 Bb7 23. Nxe5 Nxe5 24. Qxe5 Bc6 25. g4 Qe8 26. Ne4 Qg6 27. Ng5 h6 28. Nxe6 Rae8 0-1

[Event "HUN-chT2 Toth 1314"]
[Site "Hungary"]
[Date "2014.02.02"]
[Round "6.4"]
[White "Banki H, Istvan"]
[Black "Sandor, Peter"]
[Result "1-0"]
[WhiteElo "2174"]
[BlackElo "2031"]
[PlyCount "81"]
[EventDate "2013.09.08"]
[EventType "team-tourn"]
[EventRounds "11"]
[EventCountry "HUN"]
[SourceTitle "EXT 2016"]
[Source "ChessBase"]
[SourceDate "2015.10.08"]
[SourceVersion "1"]
[SourceVersionDate "2015.10.08"]
[SourceQuality "1"]
[WhiteTeam "Oroshaza"]
[BlackTeam "Bekes"]
[WhiteTeamCountry "HUN"]
[BlackTeamCountry "HUN"]

1. e4 e5 2. Nf3 d6 3. d4 Bg4 4. dxe5 Bxf3 5. gxf3 dxe5 6. Qxd8+ Kxd8 7. Nc3 Bb4 8. Bg5+ f6 9. 0-0-0+ Nd7 10. Bh3 Bd6 11. Be3 a6 12. Rd3 Ne7 13. Rhd1 Ke8 14. Na4 f5 15. exf5 Rf8 16. c4 b5 17. c5 bxa4 18. cxd6 cxd6 19. Rxd6 Rc8+ 20. Kb1 Rc7 21. Rxa6 Rf6 22. Rxa4 Nxf5 23. Ra8+ Kf7 24. Bg5 Rd6 25. Rxd6 Nxd6 26. Rd8 h6 27. Bh4 g5 28. Bg3 Ke7 29. Rxd7+ Rxd7 30. Bxd7 Kxd7 31. Bxe5 Nc4 32. f4 g4 33. Kc2 Kc6 34. Kd3 Nb6 35. Ke4 Nd5 36. f5 Ne7 37. f6 Ng6 38. f7 Kd7 39. Bg7 Ke7 40. f8Q+ Nxf8 41. Bxf8+ 1-0

[Event "HUN-chT2 Maroczy 1213"]
[Site "Hungary"]
[Date "2013.03.24"]
[Round "9"]
[White "Baranyai, Szabolcs Jr"]
[Black "Banki H, Istvan"]
[Result "1-0"]
[WhiteElo "2223"]
[BlackElo "2202"]
[PlyCount "51"]
[EventDate "2012.09.16"]
[EventType "team-tourn"]
[EventRounds "11"]
[EventCountry "HUN"]
[SourceTitle "EXT 2014"]
[Source "ChessBase"]
[SourceDate "2013.11.20"]
[SourceVersion "1"]
[SourceVersionDate "2013.11.20"]
[SourceQuality "1"]
[WhiteTeam "Hajduszoboszlo"]
[BlackTeam "Oroshaza"]
[WhiteTeamCountry "HUN"]
[BlackTeamCountry "HUN"]

1. d4 Nf6 2. c4 e5 3. dxe5 Ne4 4. a3 Nc6 5. Nf3 a5 6. Qc2 Nc5 7. Nc3 Ne6 8. Nd5 Bc5 9. e3 Ne7 10. Bd3 c6 11. Nxe7 Qxe7 12. 0-0 Bb6 13. Bd2 Bc7 14. Bc3 Nf8 15. b4 Ng6 16. Qb2 d6 17. exd6 Qxd6 18. Bxg6 hxg6 19. Be5 Qe7 20. Bxc7 Qxc7 21. Qxg7 Rh5 22. Qd4 Be6 23. Rad1 Ke7 24. c5 Rah8 25. g3 Rd5 26. Qxh8 1-0

[Event "HUN-chT2 Maroczy 1213"]
[Site "Hungary"]
[Date "2013.01.27"]
[Round "6"]
[White "Forgacs, Jozsef"]
[Black "Banki H, Istvan"]
[Result "1/2-1/2"]
[WhiteElo "2244"]
[BlackElo "2202"]
[PlyCount "40"]
[EventDate "2012.09.16"]
[EventType "team-tourn"]
[EventRounds "11"]
[EventCountry "HUN"]
[SourceTitle "EXT 2014"]
[Source "ChessBase"]
[SourceDate "2013.11.20"]
[SourceVersion "1"]
[SourceVersionDate "2013.11.20"]
[SourceQuality "1"]
[WhiteTeam "Debrecen"]
[BlackTeam "Oroshaza"]
[WhiteTeamCountry "HUN"]
[BlackTeamCountry "HUN"]

1. d4 Nf6 2. c4 e5 3. dxe5 Ne4 4. Nd2 Bb4 5. a3 Bxd2+ 6. Bxd2 Nc6 7. Nf3 Qe7 8. Bf4 g5 9. Bg3 h5 10. Qd5 Nxg3 11. hxg3 g4 12. Nd4 Nxe5 13. e3 d6 14. 0-0-0 c6 15. Qe4 Be6 16. Nf5 Bxf5 17. Qxf5 Qe6 18. Qxe6+ fxe6 19. Rxd6 Ke7 20. Rd2 Raf8 1/2-1/2

[Event "HUN-chT2 Maroczy 1213"]
[Site "Hungary"]
[Date "2012.12.02"]
[Round "5"]
[White "Eperjesi, Laszlo"]
[Black "Banki H, Istvan"]
[Result "1/2-1/2"]
[WhiteElo "2228"]
[BlackElo "2202"]
[PlyCount "24"]
[EventDate "2012.09.16"]
[EventType "team-tourn"]
[EventRounds "11"]
[EventCountry "HUN"]
[SourceTitle "EXT 2014"]
[Source "ChessBase"]
[SourceDate "2013.11.20"]
[SourceVersion "1"]
[SourceVersionDate "2013.11.20"]
[SourceQuality "1"]
[WhiteTeam "Vasas"]
[BlackTeam "Oroshaza"]
[WhiteTeamCountry "HUN"]
[BlackTeamCountry "HUN"]

1. d4 Nf6 2. c4 e5 3. dxe5 Ne4 4. Nd2 Bb4 5. Ngf3 Nc6 6. Qc2 d5 7. e3 Bf5 8. Bd3 Nxd2 9. Bxd2 Bxd3 10. Qxd3 dxc4 11. Qxd8+ Rxd8 12. Bxb4 Nxb4 1/2-1/2

[Event "HUN-chT2 Maroczy 1112"]
[Site "Hungary"]
[Date "2012.03.11"]
[Round "7"]
[White "Lorand, Norbert"]
[Black "Banki H, Istvan"]
[Result "1/2-1/2"]
[WhiteElo "2316"]
[BlackElo "2213"]
[PlyCount "66"]
[EventDate "2011.09.25"]
[EventType "team-tourn"]
[EventRounds "11"]
[EventCountry "HUN"]
[SourceTitle "EXT 2013"]
[Source "ChessBase"]
[SourceDate "2012.11.22"]
[SourceVersion "1"]
[SourceVersionDate "2012.11.22"]
[SourceQuality "1"]
[WhiteTeam "Dunaharaszti"]
[BlackTeam "Oroshaza"]
[WhiteTeamCountry "HUN"]
[BlackTeamCountry "HUN"]

1. e4 d5 2. exd5 Nf6 3. d4 Nxd5 4. c4 Nb6 5. Nc3 c6 6. Be3 g6 7. h3 Bg7 8. Nf3 0-0 9. Be2 N8d7 10. 0-0 Nf6 11. Qb3 Bf5 12. c5 Be6 13. Qb4 Nfd5 14. Nxd5 Nxd5 15. Qxb7 Rb8 16. Qxc6 Rxb2 17. Bd2 Nb4 18. Bxb4 Rxe2 19. Qa6 Rc2 20. Qd3 Rxa2 21. Rxa2 Bxa2 22. Ra1 Bd5 23. Rxa7 Bxf3 24. Qxf3 Qxd4 25. Ba3 Bf6 26. Rb7 Ra8 27. Rb3 Rc8 28. g3 Kg7 29. Kg2 h5 30. Qb7 Qd8 31. Rf3 Rc7 32. Qb6 Qd7 33. Qb3 Qc6 1/2-1/2

[Event "HUN-chT2 Maroczy 1011"]
[Site "Hungary"]
[Date "2010.09.26"]
[Round "2"]
[White "Banki H, Istvan"]
[Black "Lorincz, Istvan"]
[Result "0-1"]
[WhiteElo "2228"]
[BlackElo "2265"]
[PlyCount "110"]
[EventDate "2010.09.12"]
[EventType "team-tourn"]
[EventRounds "11"]
[EventCountry "HUN"]
[SourceTitle "EXT 2012"]
[Source "ChessBase"]
[SourceDate "2011.11.24"]
[SourceVersion "1"]
[SourceVersionDate "2011.11.24"]
[SourceQuality "1"]
[WhiteTeam "Oroshaza"]
[BlackTeam "MLTC II"]
[WhiteTeamCountry "HUN"]
[BlackTeamCountry "HUN"]

1. e4 c6 2. d4 d5 3. exd5 cxd5 4. c4 Nf6 5. Nc3 e6 6. Nf3 Bb4 7. Bd2 0-0 8. a3 Bxc3 9. bxc3 b6 10. Ne5 Bb7 11. Rb1 dxc4 12. Bxc4 Nbd7 13. Nxd7 Qxd7 14. 0-0 Bxg2 15. Kxg2 Qc6+ 16. Qf3 Qxc4 17. Rfe1 Rac8 18. Re5 Rfd8 19. Rb4 Qc6 20. Rb3 Rd5 21. h4 h6 22. Kg1 Rxe5 23. Qxc6 Rxc6 24. dxe5 Ne4 25. Be1 Nc5 26. Rb5 Nd3 27. Bd2 a6 28. Rb3 Nxe5 29. Kf1 b5 30. Ke2 Nc4 31. Be1 Rc5 32. f3 Re5+ 33. Kf2 Rd5 34. a4 Kh7 35. axb5 axb5 36. Rb1 Kg6 37. Ke2 Kf5 38. Ra1 g6 39. Ra7 f6 40. Rb7 h5 41. Rb8 Re5+ 42. Kf2 Kf4 43. Rf8 f5 44. Rd8 Rd5 45. Rg8 Rd3 46. Rxg6 Rxf3+ 47. Kg1 e5 48. Rg5 Ne3 49. Bf2 Ng4 50. Be1 Ke3 51. Kg2 Ke2 52. Bg3 f4 53. Bxf4 exf4 54. Rxb5 Rg3+ 55. Kh1 Nf2+ 0-1

[Event "HUN-chT2 Maroczy 0910"]
[Site "Hungary"]
[Date "2010.04.11"]
[Round "9"]
[White "Kovacs, Marton"]
[Black "Banki H, Istvan"]
[Result "1-0"]
[WhiteElo "2165"]
[BlackElo "2248"]
[PlyCount "63"]
[EventDate "2009.11.08"]
[EventType "team-tourn"]
[EventRounds "11"]
[EventCountry "HUN"]
[SourceTitle "EXT 2011"]
[Source "ChessBase"]
[SourceDate "2010.11.26"]
[SourceVersion "1"]
[SourceVersionDate "2010.11.26"]
[SourceQuality "1"]
[WhiteTeam "Hajduboszormeny"]
[BlackTeam "Oroshaza"]
[WhiteTeamCountry "HUN"]
[BlackTeamCountry "HUN"]

1. d4 Nf6 2. Nf3 d6 3. Bf4 g6 4. Nc3 Bg7 5. Qd2 Bf5 6. 0-0-0 Nbd7 7. Bh6 Bxh6 8. Qxh6 Ng4 9. Qg7 Rf8 10. e4 Ndf6 11. Ng5 Be6 12. Nxh7 Nxh7 13. Qxh7 Nxf2 14. Bd3 Nxh1 15. Rxh1 d5 16. Re1 Qd7 17. Qh4 0-0-0 18. exd5 Bxd5 19. Rxe7 Qc6 20. Nb5 Qb6 21. Rxc7+ Qxc7 22. Nxc7 Kxc7 23. c4 Be6 24. d5 Bd7 25. c5 Kc8 26. Qb4 Rde8 27. c6 bxc6 28. Ba6+ Kd8 29. dxc6 Bxc6 30. Qd6+ Bd7 31. Bb5 Re1+ 32. Kc2 1-0

[Event "HUN-chT2 Maroczy 0910"]
[Site "Hungary"]
[Date "2010.02.14"]
[Round "6"]
[White "Banki H, Istvan"]
[Black "Izso, Daniel"]
[Result "0-1"]
[WhiteElo "2248"]
[BlackElo "2257"]
[PlyCount "60"]
[EventDate "2009.11.08"]
[EventType "team-tourn"]
[EventRounds "11"]
[EventCountry "HUN"]
[SourceTitle "EXT 2011"]
[Source "ChessBase"]
[SourceDate "2010.11.26"]
[SourceVersion "1"]
[SourceVersionDate "2010.11.26"]
[SourceQuality "1"]
[WhiteTeam "Oroshaza"]
[BlackTeam "MLTC II"]
[WhiteTeamCountry "HUN"]
[BlackTeamCountry "HUN"]

1. e4 c5 2. d4 cxd4 3. c3 Nf6 4. e5 Nd5 5. Bc4 Qc7 6. Qe2 Nb6 7. Bb3 d3 8. Qxd3 Qxe5+ 9. Be3 e6 10. Ne2 d5 11. Nd2 Qc7 12. 0-0 Nc6 13. f4 Bd6 14. Nf3 Nd7 15. Ng5 Nc5 16. Bxc5 Bxc5+ 17. Kh1 h6 18. Nf3 Na5 19. Ba4+ Nc6 20. Ne5 Bd7 21. Nxf7 Kxf7 22. f5 Ke7 23. fxe6 Bxe6 24. Nf4 Ne5 25. Nxd5+ Bxd5 26. Qxd5 Rad8 27. Qe4 Bd6 28. Rad1 Rdf8 29. Rfe1 g5 30. Qg6 Rf1+ 0-1

[Event "HUN-chT2 Maroczy 0910"]
[Site "Hungary"]
[Date "2009.12.06"]
[Round "3"]
[White "Banki H, Istvan"]
[Black "Bernath, Robert"]
[Result "1-0"]
[WhiteElo "2248"]
[BlackElo "2141"]
[PlyCount "67"]
[EventDate "2009.11.08"]
[EventType "team-tourn"]
[EventRounds "11"]
[EventCountry "HUN"]
[SourceTitle "EXT 2011"]
[Source "ChessBase"]
[SourceDate "2010.11.26"]
[SourceVersion "1"]
[SourceVersionDate "2010.11.26"]
[SourceQuality "1"]
[WhiteTeam "Oroshaza"]
[BlackTeam "Maroczy"]
[WhiteTeamCountry "HUN"]
[BlackTeamCountry "HUN"]

1. e4 c5 2. d4 cxd4 3. c3 dxc3 4. Nxc3 Nc6 5. Nf3 d6 6. Bc4 a6 7. 0-0 Nf6 8. h3 e6 9. Qe2 b5 10. Bb3 Ra7 11. Rd1 Rd7 12. Bf4 Be7 13. Ng5 0-0 14. Nxe6 fxe6 15. Bxe6+ Kh8 16. Bxd7 Bxd7 17. Bxd6 Bxd6 18. Rxd6 Qe7 19. Rad1 b4 20. Na4 Ne5 21. Rxa6 Qe8 22. Qc2 Bb5 23. Ra5 Nc4 24. Ra7 Nxe4 25. Re1 Qb8 26. Re7 Nxf2 27. R1e2 Nxh3+ 28. gxh3 Qg3+ 29. Rg2 Rf1+ 30. Kxf1 Ne3+ 31. Kg1 Qe1+ 32. Kh2 Nf1+ 33. Kg1 Ng3+ 34. Rxe1 1-0

[Event "HUN-chT2 Maroczy 0809"]
[Site "Hungary"]
[Date "2009.01.11"]
[Round "5"]
[White "Banki H, Istvan"]
[Black "Kovacs, Marton"]
[Result "1/2-1/2"]
[WhiteElo "2265"]
[BlackElo "2185"]
[PlyCount "26"]
[EventDate "2008.10.26"]
[EventType "team-tourn"]
[EventRounds "11"]
[EventCountry "HUN"]
[SourceTitle "EXT 2010"]
[Source "ChessBase"]
[SourceDate "2010.11.25"]
[SourceVersion "1"]
[SourceVersionDate "2010.11.25"]
[SourceQuality "1"]
[WhiteTeam "Oroshaza"]
[BlackTeam "Hajduboszormeny"]
[WhiteTeamCountry "HUN"]
[BlackTeamCountry "HUN"]

1. e4 e5 2. Nf3 Nf6 3. Nc3 Bb4 4. Bc4 0-0 5. 0-0 Nc6 6. d3 Bxc3 7. bxc3 d5 8. exd5 Nxd5 9. Ba3 Re8 10. Qd2 Bg4 11. Ng5 h6 12. Ne4 Nf4 13. f3 Be6 1/2-1/2

[Event "HUN-chT2 Maroczy 0708"]
[Site "Hungary"]
[Date "2008.03.30"]
[Round "9"]
[White "Banki H, Istvan"]
[Black "Szurovszky, Elek"]
[Result "1-0"]
[WhiteElo "2238"]
[BlackElo "2214"]
[PlyCount "147"]
[EventDate "2007.10.14"]
[EventType "team"]
[EventRounds "11"]
[EventCountry "HUN"]
[SourceTitle "EXT 2009"]
[Source "ChessBase"]
[SourceDate "2008.11.26"]
[SourceVersion "1"]
[SourceVersionDate "2008.11.26"]
[SourceQuality "1"]
[WhiteTeam "Oroshaza"]
[BlackTeam "Miskolc EMSE"]
[WhiteTeamCountry "HUN"]
[BlackTeamCountry "HUN"]

1. e4 e5 2. Nf3 Nc6 3. Bc4 g6 4. d4 exd4 5. 0-0 Bg7 6. Bg5 Nge7 7. c3 d6 8. Nxd4 0-0 9. f4 Nxd4 10. cxd4 c6 11. Nc3 b5 12. Bb3 b4 13. Na4 Kh8 14. e5 f6 15. Bh4 Nf5 16. Bf2 fxe5 17. dxe5 dxe5 18. fxe5 Bxe5 19. Qe1 Qc7 20. Nc5 Bxh2+ 21. Kh1 Be5 22. g4 Ng7 23. Qe4 Bxg4 24. Qxg4 Rf4 25. Qd7 Raf8 26. Qxc7 Bxc7 27. Nd3 Rf3 28. Bc4 Rh3+ 29. Kg2 Rh2+ 30. Kg1 Rf3 31. Bh4 Rxh4 32. Rxf3 Bb6+ 33. Kg2 Nf5 34. Be6 Rg4+ 35. Kh2 Bc7+ 36. Kh3 Rh4+ 37. Kg2 Rh2+ 38. Kg1 Nd4 39. Rf8+ Kg7 40. Rf7+ Kh6 41. Rxc7 Nf3+ 42. Kf1 Nd2+ 43. Ke1 Nf3+ 44. Kd1 Rh1+ 45. Ke2 Nd4+ 46. Ke3 Nc2+ 47. Kd2 Nxa1 48. Rxc6 Rh2+ 49. Kd1 a5 50. Rc1 Rh1+ 51. Ne1 Rh2 52. Rxa1 Rxb2 53. Nc2 a4 54. Kc1 a3 55. Bb3 Kg5 56. Kd2 h5 57. Ke3 h4 58. Rg1+ Kh6 59. Kf3 Kh5 60. Kf4 h3 61. Kg3 Kg5 62. Kxh3+ Kf5 63. Re1 Kf4 64. Kg2 g5 65. Kf2 g4 66. Kg2 g3 67. Rf1+ Ke4 68. Kxg3 Kd3 69. Rf3+ Kd2 70. Nxb4 Rb1 71. Nc2 Rg1+ 72. Kf2 Rg5 73. Nxa3 Kc1 74. Nc4 1-0